Responses for Show #7117 - Tuesday, July 21, 2015

Scott Lord game 2.

Contestants

[<< previous game]

Jake Smith, a wine salesman from Memphis, Tennessee

Eliza Thompson, an entertainment editor from Brooklyn, New York

Scott Lord, a construction attorney from Santa Monica, California (whose 1-day cash winnings total $29,001)

[next game >>]

Jeopardy! Round responses

THE NON‑DEPRESSING 1930s
FILMS INSPIRED BY MAGAZINE ARTICLES
AMERICANA
LIGHTHOUSES
"PAT"
I'D LIKE TO SOLVE THE PUZZLE
    $200 11
Babe Didrikson Zaharias

Scott
    $200 4
Saturday Night Fever

Jake
    $200 1
Tupperware

Jake
    $200 13
whale oil

Scott
    $200 30
patio

Eliza
    $200 15
jigsaw

Scott
    $400 16
(Scott: What is Archie?)

Blondie

ScottEliza
    $400 5
Top Gun

Eliza
    $400 2
the Statue of Liberty

Jake
    $400 22
Massachusetts

Jake
    $400 25
paternal

Jake
    $400 17
a crossword

Scott
    $600 20
Labor

Triple Stumper
    $600 6
Die Hard

Eliza
    $600 3
Elvis Presley

Eliza
    $3,000 29
the Coast Guard

Jake
    $600 14
a patisserie

Eliza
    $600 12
(Jake: What is a crossword?)

jumble

ElizaJake
    $800 21
(Scott: Who is Glenn Miller?)

Benny Goodman

ScottEliza
    $800 7
Dog Day Afternoon

Scott
    $800 8
Coney Island

Eliza
    $800 26
(Amelia) Earhart

Scott
    $800 23
patois

Eliza
    $800 18
(Scott: Who is the conductor?)

the engineer

Scott
Triple Stumper
    $1000 27
The War of the Worlds

Jake
    $1000 9
Blue Crush

Jake
    $1000 10
Pikes Peak

Jake
    $1000 28
Spain

Jake
    $1000 24
patchouli oil

Scott
    $1000 19
a cryptex

Triple Stumper

Scores at the first commercial break (after clue 15):

Scott Eliza Jake
$1,400 $3,600 $2,200

Scores at the end of the Jeopardy! Round:

Scott Eliza Jake
$1,600 $5,800 $8,000

Double Jeopardy! Round responses

THE ART OF THE KISS
PRINCELY NICKNAMES
SOPHOCLES, EURIPIDES & AESCHYLUS
"BORN" TO BE A SONG
PENINSULAS
WORDS IN TRANSITION
(Alex: Words that can be made up of the letters in the word "transition" itself.)
    $400 7
Romeo & Juliet

Scott
    $400 30
(P.T.) Barnum

Jake
    $400 2
the Persians

Jake
    $400 1
"Born To Run"

Jake
    $400 14
the Korean Peninsula

Jake
    $400 25
a ration

Eliza
    $800 8
Dante

Scott
    $800 29
(Jack) London

Scott
    $800 3
the Cyclops

Jake
    $800 12
(Jake: What is "Born Like This"?)

"Born This Way"

ElizaJake
    $800 15
Cape Cod

Eliza
    $800 21
strain

Jake
    $1200 9
Lichtenstein

Jake
    $1200 28
(Will) Rogers

Scott
    $1200 4
Thebes

Jake
    $1200 13
"Born To Be Wild"

Scott
    $1,000 24
(Alex: Look at the score. You have $21,400. If you were to make this a True Daily Double...)
[Laughter]
(Alex: You don't even wanna hear that.)
...
(Jake: I wish I had made it a True Daily Double. What is [*]?)

the Yucatán Peninsula

Jake
    $1200 17
anoint

Jake
    $1600 10
(Eliza: Who is Klimt?)

Pablo Picasso

ElizaJake
    $1600 27
(Scott: Who is Booth?)
(Alex: Which one? There were three famous ones.)

Edwin Booth

Scott
    $1600 5
the Trojan War

Jake
    $1600 16
"Born Free"

Scott
    $1600 23
the Gaspé Peninsula

Triple Stumper
    $1600 19
the Titans

Jake
    $2000 11
(René) Magritte

Jake
    $2000 26
Erasmus

Scott
    $1,000 6
(Jake: What is Antigone?)

Electra

Jake
    $2000 18
"Born To Die"

Jake
    $2000 22
the Kowloon Peninsula

Triple Stumper
    $2000 20
a sitar

Scott

Scores at the end of the Double Jeopardy! Round:

Scott Eliza Jake
$13,200 $6,200 $22,800

[wagering suggestions for these scores]

Final Jeopardy! Round responses

HISTORIC NAMES
(Alex: [To Scott] Thinking of Lawrence of Arabia, were you?)
ElizaWho is Rommel?
$6,200
ScottWho was T.E. Lawrence
$13,200
JakeWho is Churchill?
$3,500
T.E. Lawrence

Final scores:

Scott Eliza Jake
$26,400 $0 $19,300
2-day champion: $55,401 3rd place: $1,000 2nd place: $2,000

Game dynamics:

Coryat scores:

Scott Eliza Jake
$13,200 $6,200 $21,600
16 R,
3 W
13 R,
1 W
25 R
(including 2 DDs),
3 W
(including 1 DD)

Combined Coryat: $41,000

[game clues] [game scores] [suggest correction]

Game tape date: Unknown
The J! Archive is created by fans, for fans. Scraping, republication, monetization, and malicious use prohibited; this site may use cookies and collect identifying information. See terms. The Jeopardy! game show and all elements thereof, including but not limited to copyright and trademark thereto, are the property of Jeopardy Productions, Inc. and are protected under law. This website is not affiliated with, sponsored by, or operated by Jeopardy Productions, Inc. Join the discussion at JBoard.tv.